Acerola ako prírodný zdroj vitamínu C

Na minha lista:
Detalhes bibliográficos
Autor principal: Stankovianska, Annamária (Author)
Outros Autores: Mošovská, Silvia (Thesis advisor)
Formato: Manuscrito Livro
Idioma:eslovaco
Publicado em: 2021
Assuntos:
Acesso em linha:http://is.stuba.sk/zp/portal_zp.pl?podrobnosti=165273
Tags: Adicionar Tag
Sem tags, seja o primeiro a adicionar uma tag!

MARC

LEADER 00000ntm a22000003a 4500
001 stuzp84848
003 SK-STU
005 20210626211807.8
007 ta
008 150427s2015----xo-----f-mn---000-0-slo-d
040 |a STU  |b slo 
041 0 |a slo 
100 1 |a Stankovianska, Annamária  |u 040270  |4 aut  |U FCHPT Ústav potravinárstva a výživy  |T FCHPT Oddelenie výživy a hodnotenia kvality potravín  |X 87041  |U C0270  |Y 686  |7 87041 
242 0 1 |a Acerola as a natural source of vitamin C  |y eng 
245 1 0 |a Acerola ako prírodný zdroj vitamínu C 
260 |c 2021 
650 4 |a acerola (Malpighia emarginata)  |2 slo 
650 4 |a vitamín C  |2 slo 
650 4 |a fenolové zlúčeniny  |2 slo 
650 4 |a výživové doplnky  |2 slo 
650 4 |a phenolic compounds  |2 eng 
650 4 |a food supplements  |2 eng 
650 4 |a acerola (Malpighia emarginata)  |2 eng 
650 4 |a vitamin C  |2 eng 
700 1 |a Mošovská, Silvia  |u 040270  |k Z2  |4 ths  |U FCHPT Ústav potravinárstva a výživy  |T FCHPT Oddelenie výživy a hodnotenia kvality potravín  |X 25438  |U C0270  |Y 686  |7 A000025438 
856 4 |u http://is.stuba.sk/zp/portal_zp.pl?podrobnosti=165273